Представление документа в формате MARC21

Поле Инд. ПП Название Значение
Тип записи a
Библиографический уровень i
001 Контрольный номер UNIDUBNA759051a5538b4cfc8c7cec8780f3208d
005 Дата корректировки 20260420204823.5
041 0_ a Код языка текста eng
090 a Полочн. индекс Внешний ресурс
245 10 a Заглавие Zenodo
b Продолж. заглавия [research repository]
c Ответственность CERN, OpenAIRE
257 a Страна производителя архивных фильмов зарубежный
260 a Место издания Switzerland
c Дата издания 2013 -
336 a Термин вида содержания Электронные данные
353 a статьи
353 a материалы конференций
353 a изображения
353 a наборы данных
353 a программные средства
353 a книги
353 a главы книг
353 a аудио
353 a видео
353 a презентации
353 a препринты
353 a физические объекты
380 a репозиторий
520 0_ a Аннотация Крупнейший открытый политематический репозиторий (более 6 млн. публикаций, и только небольшая их часть в закрытом доступе). Создан в CERN с целью предоставления ученым возможности самоархивирования результатов исследований (различных текстов, изображений, наборов данных, программных средств, видео, аудио и др.), обмена ими, объединения в сообщества. Название происходит от имени Зенодота, первого библиотекаря Древней Александрийской библиотеки. При загрузке в репозиторий все публикации автоматически получают DOI, а в дальнейшем для них отражается статистика цитирования. Zenodo интегрирован с GitHub, что делает доступными для цитирования размещенные там исходные тексты. При желании пользователь может закрыть общий доступ к своим материалам. Репозиторий гарантирует очень надежное хранение данных
540 b Поставщик/Провайдер CERN (European Organization for Nuclear Research)
a Правовые условия Открытый доступ
650 04 a Основная рубрика астрономия
a Основная рубрика биология
a Основная рубрика естествознание
a Основная рубрика здравоохранение
a Основная рубрика информатика
a Основная рубрика математика
a Основная рубрика медицина
a Основная рубрика науки о Земле
a Основная рубрика сельское хозяйство
a Основная рубрика социальные науки (общественные науки)
a Основная рубрика техника
a Основная рубрика физика
a Основная рубрика химия
a Основная рубрика экология
856 40 a Имя сервера/домена Zenodo
d Путь https://zenodo.org/
i Указания/сценарий входа Бесплатный доступ
u URL https://zenodo.org/
856 40 a Имя сервера/домена Zenodo: поиск публикаций
i Указания/сценарий входа Бесплатный доступ
u URL https://zenodo.org/search
900 a Имя электронного ресурса obl_Zenodo
901 t Тип документа 0